00845nam a2200205Ia 4500999001700000082001200017100002700029245010900056260004500165300000800210504004100218650003600259650004200295650004000337650004600377650003400423710002300457942001200480952014700492 c13576d13576 aTK.0390 aKenchaigol, Sanjeev D. 0aEmpowerment of women: a strategy for sustaining gender equality and welfare: a case study from Karnataka c2008bUniversity of Mangalore, Mangalore a202 aincludes appendices and bibliography aWomen in developmentvKarnataka aWomenvEconomic conditionszKarnataka aWomenvSocial conditionszKarnataka aWomenvLegal status, laws, etczKarnataka aSex discriminationzKarnataka aKadekodi, Gopal K. cTH2ddc 00104070aNASSDOCbNASSDOCd2008-05-12eGifted by : RP&F Division, ICSSRi2008-05-09l0oTK.0390p44390r2019-04-18 00:00:00w2019-04-18yTH